[Event "Brasov GP RO"]
[Site "Brasov"]
[Date "2023.07.19"]
[Round "6"]
[White "Baranciuc, Alexandr"]
[Black "Craciun, Sasha Matei"]
[Result "1-0"]
[WhiteElo "2249"]
[BlackElo "1962"]
[PlyCount "57"]
[EventDate "2023.07.16"]
[EventType "swiss"]
[EventRounds "9"]
[EventCountry "ROU"]
[SourceTitle "CBM 215 Extra"]
[Source "ChessBase"]
[SourceDate "2023.09.30"]
[SourceVersion "1"]
[SourceVersionDate "2023.09.30"]
[SourceQuality "1"]

1. c4 e6 2. Nf3 Nf6 3. b3 d5 4. e3 Be7 5. Bb2 0-0 6. g3 b6 7. Bg2 Bb7 8. 0-0 c5 9. Nc3 dxc4 10. bxc4 Nc6 11. Qe2 Qc7 12. Ne1 a6 13. f4 Na7 14. g4 Bxg2 15. Nxg2 Qc6 16. f5 exf5 17. Rxf5 b5 18. Raf1 Nc8 19. e4 Nd7 20. Nd5 Bd8 21. e5 Ne7 22. Qf3 Nxd5 23. cxd5 Qg6 24. e6 Nf6 25. Bxf6 Bxf6 26. Nf4 Qh6 27. Kh1 Bd4 28. g5 Qh4 29. Ng2 1-0

[Event "Bucharest Grand Prix"]
[Site "Bucharest"]
[Date "2023.04.30"]
[Round "7"]
[White "Djuric, Stefan"]
[Black "Craciun, Sasha Matei"]
[Result "1-0"]
[WhiteElo "2239"]
[BlackElo "1962"]
[PlyCount "55"]
[EventDate "2023.04.29"]
[EventType "swiss (rapid)"]
[EventRounds "10"]
[EventCountry "ROU"]
[SourceTitle "CBM 213 Extra"]
[Source "ChessBase"]
[SourceDate "2023.05.31"]
[SourceVersion "1"]
[SourceVersionDate "2023.05.31"]
[SourceQuality "1"]

1. e4 e5 2. Nf3 Nc6 3. Bb5 a6 4. Ba4 Nf6 5. d4 exd4 6. 0-0 Be7 7. Re1 0-0 8. e5 Nd5 9. Bb3 Nb6 10. Nxd4 Nxd4 11. Qxd4 d5 12. exd6 Bxd6 13. Bf4 Qh4 14. g3 Qg4 15. h3 Qxh3 16. Bxd6 cxd6 17. Qxb6 Bg4 18. Nd2 h5 19. Bd5 Bf5 20. c3 h4 21. Re3 Rae8 22. Nf1 hxg3 23. Nxg3 Bg4 24. Rae1 Rxe3 25. Qxe3 b5 26. Qe7 Qh6 27. Bc6 Qd2 28. Qxf8+ 1-0

[Event "Bucharest Grand Prix"]
[Site "Bucharest"]
[Date "2023.04.30"]
[Round "9"]
[White "Toma, Radu Cristian"]
[Black "Craciun, Sasha Matei"]
[Result "1-0"]
[WhiteElo "2401"]
[BlackElo "1962"]
[PlyCount "99"]
[EventDate "2023.04.29"]
[EventType "swiss (rapid)"]
[EventRounds "10"]
[EventCountry "ROU"]
[SourceTitle "CBM 213 Extra"]
[Source "ChessBase"]
[SourceDate "2023.05.31"]
[SourceVersion "1"]
[SourceVersionDate "2023.05.31"]
[SourceQuality "1"]

1. Nf3 d5 2. e3 Nf6 3. b3 e6 4. Bb2 Be7 5. c4 dxc4 6. Bxc4 a6 7. 0-0 b5 8. Be2 Bb7 9. d3 0-0 10. Nbd2 c5 11. Rc1 Nbd7 12. Rc2 Nd5 13. a3 Rc8 14. Qa1 Bf6 15. Rfc1 Bxb2 16. Qxb2 Qb6 17. d4 cxd4 18. Nxd4 h6 19. b4 Rxc2 20. Rxc2 N7f6 21. Rc5 Rd8 22. Qc1 Nd7 23. Rc2 N7f6 24. N2b3 Ne7 25. Na5 Be4 26. Rc7 Ng6 27. Rc5 Kh7 28. Nab3 Qd6 29. Nc6 Rd7 30. f3 Bd3 31. Bxd3 Qxd3 32. Rc3 Qf5 33. Ncd4 Qg5 34. Nc5 Rd6 35. Qc2 e5 36. Ne2 h5 37. Ng3 h4 38. Nge4 Nxe4 39. Nxe4 Qd8 40. Nxd6 Qxd6 41. Rc6 Qd5 42. Rc5 Qd6 43. h3 Kh6 44. Rc3 Ne7 45. Rd3 Qf6 46. Qc5 g6 47. Rd7 Nf5 48. Qf8+ Qg7 49. Qxg7+ Kxg7 50. Kf2 1-0

[Event "ROM-ch"]
[Site "Sebes"]
[Date "2023.02.19"]
[Round "1"]
[White "Craciun, Sasha Matei"]
[Black "Bulmaga, Irina"]
[Result "0-1"]
[WhiteElo "2001"]
[BlackElo "2428"]
[PlyCount "126"]
[EventDate "2023.02.19"]
[EventType "swiss"]
[EventRounds "9"]
[EventCountry "ROU"]
[SourceTitle "CBM 212 Extra"]
[Source "ChessBase"]
[SourceDate "2023.03.31"]
[SourceVersion "1"]
[SourceVersionDate "2023.03.31"]
[SourceQuality "1"]

1. e4 e5 2. Nf3 Nc6 3. Bb5 a6 4. Ba4 Nf6 5. 0-0 d6 6. Re1 Bd7 7. c4 Bg4 8. Bxc6+ bxc6 9. d4 exd4 10. Qxd4 Bxf3 11. gxf3 Nd7 12. f4 Qh4 13. Be3 Be7 14. Nc3 Bf6 15. Qd2 Qg4+ 16. Kh1 Qf3+ 17. Kg1 Bxc3 18. Qxc3 Qg4+ 19. Kh1 Qf3+ 20. Kg1 0-0 21. Bd2 Qxc3 22. Bxc3 Nc5 23. Re3 Rab8 24. b3 Rfe8 25. Rae1 f6 26. f3 Kf7 27. Kf2 g6 28. Bd2 Ne6 29. Kg3 c5 30. Bc3 Nd8 31. h4 Ne6 32. Rd3 Re7 33. Red1 Ng7 34. Kf2 Nh5 35. Bd2 f5 36. exf5 Rbe8 37. fxg6+ hxg6 38. Re3 Rxe3 39. Bxe3 Ng7 40. Bd2 Nf5 41. Bc3 c6 42. Rh1 Re3 43. Be1 d5 44. cxd5 cxd5 45. Bd2 Rd3 46. Ke2 c4 47. bxc4 dxc4 48. Kd1 c3 49. Kc2 Rxd2+ 50. Kxc3 Rxa2 51. h5 gxh5 52. Rxh5 Ke6 53. Rh8 Nd6 54. Rh5 Kd7 55. Kb3 Ra1 56. Kb2 Rf1 57. Ka2 Kc6 58. Ra5 Rf2+ 59. Ka1 Kb6 60. Rd5 Nb5 61. Rd3 Kc5 62. Re3 Kc4 63. Re4+ Kb3 0-1

[Event "ROM-chT Blitz"]
[Site "Sebes"]
[Date "2022.12.04"]
[Round "7.8"]
[White "Bulau, Andrei Cristian"]
[Black "Craciun, Sasha Matei"]
[Result "1/2-1/2"]
[WhiteElo "2154"]
[BlackElo "2001"]
[PlyCount "122"]
[EventDate "2022.12.04"]
[EventType "team-swiss (blitz)"]
[EventRounds "8"]
[EventCountry "ROU"]
[SourceTitle "CBM 211 Extra"]
[Source "ChessBase"]
[SourceDate "2023.01.31"]
[SourceVersion "1"]
[SourceVersionDate "2023.01.31"]
[SourceQuality "1"]
[WhiteTeam "Techirghiol Victoria"]
[BlackTeam "Otopeni"]
[WhiteTeamCountry "ROU"]
[BlackTeamCountry "ROU"]

1. d4 d5 2. c4 e6 3. Nc3 Be7 4. cxd5 exd5 5. Nf3 Nf6 6. Bf4 c6 7. e3 Bf5 8. Bd3 Bxd3 9. Qxd3 Nbd7 10. 0-0 0-0 11. Ne5 Nh5 12. Qf5 Nxe5 13. Bxe5 Nf6 14. Rac1 Qd7 15. Qxd7 Nxd7 16. Bg3 h5 17. h3 Rfe8 18. Ne2 g6 19. Nf4 Nf6 20. Nd3 Ne4 21. Bh2 Bd6 22. Bxd6 Nxd6 23. Rc2 f6 24. Nc5 Kf7 25. Rfc1 Re7 26. Rc3 g5 27. g3 h4 28. g4 Kg6 29. Kg2 Rf8 30. Nd3 Nc4 31. b3 Nd6 32. R3c2 Kg7 33. Rb2 Rfe8 34. Rbc2 Nf7 35. Rc5 Nd8 36. R5c2 Ne6 37. Nc5 Nxc5 38. Rxc5 Kg6 39. b4 a6 40. a4 f5 41. gxf5+ Kxf5 42. b5 axb5 43. axb5 Ke4 44. bxc6 bxc6 45. Rxc6 Rf7 46. Rg6 Ref8 47. Rc2 Rf5 48. Re6+ Kd3 49. Ra2 R8f7 50. Rb6 Ke4 51. Re6+ Kd3 52. Rb2 Rf8 53. Reb6 Ke4 54. Rd2 R8f6 55. Rxf6 Rxf6 56. Rb2 Kd3 57. Rb5 Ke2 58. Rxd5 Rxf2+ 59. Kg1 Rf1+ 60. Kg2 Rf2+ 61. Kg1 Rf1+ 1/2-1/2

[Event "ROM-chT Blitz"]
[Site "Sebes"]
[Date "2022.12.04"]
[Round "2.28"]
[White "Craciun, Sasha Matei"]
[Black "Dragut, Stefan Cristian"]
[Result "1-0"]
[WhiteElo "2001"]
[BlackElo "1217"]
[PlyCount "75"]
[EventDate "2022.12.04"]
[EventType "team-swiss (blitz)"]
[EventRounds "8"]
[EventCountry "ROU"]
[SourceTitle "CBM 211 Extra"]
[Source "ChessBase"]
[SourceDate "2023.01.31"]
[SourceVersion "1"]
[SourceVersionDate "2023.01.31"]
[SourceQuality "1"]
[WhiteTeam "Otopeni"]
[BlackTeam "Bucharest CCS 2"]
[WhiteTeamCountry "ROU"]
[BlackTeamCountry "ROU"]

1. e4 e6 2. d4 d5 3. Nc3 dxe4 4. Nxe4 Bd7 5. Bd3 Bc6 6. Nf3 Nd7 7. Qe2 Ngf6 8. Bd2 Nxe4 9. Bxe4 Bxe4 10. Qxe4 c6 11. 0-0 Nf6 12. Qd3 Bd6 13. Rfe1 0-0 14. a4 c5 15. dxc5 Bxc5 16. Qb5 Qb6 17. Qxb6 Bxb6 18. Bb4 Rfc8 19. c3 Bc5 20. Bxc5 Rxc5 21. Rad1 Rd5 22. Rxd5 Nxd5 23. Rd1 g6 24. a5 b6 25. c4 Nf6 26. a6 Rc8 27. b3 Kg7 28. Ne5 Rc7 29. b4 Ne4 30. f3 Nf6 31. Rd8 Nh5 32. b5 f6 33. Rd7+ Rxd7 34. Nxd7 Nf4 35. Nxb6 Nd3 36. Nc8 Ne5 37. b6 axb6 38. a7 1-0

[Event "Sebes Romanian Rapid op"]
[Site "Sebes"]
[Date "2022.12.02"]
[Round "5"]
[White "Cnejev, Vladimir Alexandru"]
[Black "Craciun, Sasha Matei"]
[Result "0-1"]
[WhiteElo "2268"]
[BlackElo "2001"]
[PlyCount "62"]
[EventDate "2022.12.02"]
[EventType "swiss (rapid)"]
[EventRounds "8"]
[EventCountry "ROU"]
[SourceTitle "CBM 211 Extra"]
[Source "ChessBase"]
[SourceDate "2023.01.31"]
[SourceVersion "1"]
[SourceVersionDate "2023.01.31"]
[SourceQuality "1"]

1. e4 c5 2. Nf3 e6 3. c3 d5 4. exd5 Qxd5 5. d4 Nf6 6. Be3 Be7 7. Be2 0-0 8. 0-0 cxd4 9. cxd4 Nc6 10. Nc3 Qd6 11. a3 b6 12. Re1 Bb7 13. Qc2 Rfd8 14. Rad1 Rac8 15. Bd3 g6 16. h3 Nd5 17. Ne4 Qd7 18. Qe2 Nxe3 19. fxe3 Kg7 20. Rf1 f5 21. Nc3 Bf6 22. Bc4 Ne7 23. e4 fxe4 24. Ne5 Bxe5 25. dxe5 Qc6 26. Rxd8 Rxd8 27. Kh1 Nf5 28. Kh2 Qc5 29. Qf2 Qxc4 30. g4 e3 31. Qe1 Rd2+ 0-1

[Event "Sebes Romanian Rapid op"]
[Site "Sebes"]
[Date "2022.12.02"]
[Round "4"]
[White "Craciun, Sasha Matei"]
[Black "Dragut, Stefan Cristian"]
[Result "1-0"]
[WhiteElo "2001"]
[BlackElo "1217"]
[PlyCount "77"]
[EventDate "2022.12.02"]
[EventType "swiss (rapid)"]
[EventRounds "8"]
[EventCountry "ROU"]
[SourceTitle "CBM 211 Extra"]
[Source "ChessBase"]
[SourceDate "2023.01.31"]
[SourceVersion "1"]
[SourceVersionDate "2023.01.31"]
[SourceQuality "1"]

1. e4 e6 2. d4 d5 3. Nc3 dxe4 4. Nxe4 Bd7 5. Nf3 Bc6 6. Bd3 Nd7 7. Qe2 Ngf6 8. Bd2 Bxe4 9. Bxe4 Nxe4 10. Qxe4 c6 11. 0-0-0 Nf6 12. Qd3 Qb6 13. Kb1 0-0-0 14. Qc4 Bd6 15. Rhe1 Rhe8 16. Qa4 Bc7 17. c4 c5 18. Bc3 a6 19. a3 cxd4 20. Bxd4 Qa5 21. Qc2 e5 22. Bc3 Rxd1+ 23. Rxd1 Qc5 24. Qe2 Nd7 25. Ng5 f6 26. Ne4 Qe7 27. Bb4 Qe6 28. Ka1 Nb6 29. c5 Nd5 30. Qc4 Nxb4 31. Qxb4 Qc6 32. Nd6+ Bxd6 33. Rxd6 Qxg2 34. c6 bxc6 35. Qb6 Qf1+ 36. Ka2 Qc4+ 37. Kb1 Qf1+ 38. Kc2 Qe2+ 39. Kc3 1-0

[Event "Sebes Romanian Rapid op"]
[Site "Sebes"]
[Date "2022.12.02"]
[Round "8"]
[White "Craciun, Sasha Matei"]
[Black "Filip, Lucian Ioan"]
[Result "1/2-1/2"]
[WhiteElo "2001"]
[BlackElo "2372"]
[PlyCount "105"]
[EventDate "2022.12.02"]
[EventType "swiss (rapid)"]
[EventRounds "8"]
[EventCountry "ROU"]
[SourceTitle "CBM 211 Extra"]
[Source "ChessBase"]
[SourceDate "2023.01.31"]
[SourceVersion "1"]
[SourceVersionDate "2023.01.31"]
[SourceQuality "1"]

1. e4 c5 2. Nf3 e6 3. g3 Nc6 4. Bg2 Nf6 5. Nc3 d5 6. exd5 exd5 7. d4 cxd4 8. Nxd4 Bg4 9. Nce2 Bc5 10. Nb3 Bb6 11. 0-0 0-0 12. h3 Bh5 13. g4 Bg6 14. Nf4 Be4 15. Bxe4 dxe4 16. Qxd8 Rfxd8 17. Kg2 Ne5 18. Bd2 Nf3 19. Bc3 Nd5 20. Nxd5 Rxd5 21. a4 a6 22. a5 Ba7 23. Ra4 Re8 24. Rb4 Re7 25. Rc4 f6 26. Rc8+ Kf7 27. Ra8 Bd4 28. Nxd4 Nxd4 29. Rd1 Ne2 30. Rxd5 Nf4+ 31. Kg3 Nxd5 32. Bd4 e3 33. fxe3 Nxe3 34. Bxe3 Rxe3+ 35. Kf4 Re2 36. Rb8 g5+ 37. Kf3 Rxc2 38. Rxb7+ Kg6 39. b4 Rc3+ 40. Kg2 Rb3 41. Rb6 h6 42. Rxa6 Rxb4 43. Ra8 Ra4 44. a6 Ra3 45. a7 Kg7 46. Kf2 h5 47. gxh5 f5 48. h6+ Kh7 49. Kg2 Ra2+ 50. Kf3 Ra3+ 51. Kf2 Ra1 52. Ke3 Ra4 53. Kf2 1/2-1/2

[Event "Braila GP RO Stage 5"]
[Site "Braila"]
[Date "2022.11.06"]
[Round "5"]
[White "Sandu, Mihaela"]
[Black "Craciun, Sasha Matei"]
[Result "1-0"]
[WhiteElo "2206"]
[BlackElo "2001"]
[PlyCount "75"]
[EventDate "2022.11.05"]
[EventType "swiss (rapid)"]
[EventRounds "10"]
[EventCountry "ROU"]
[SourceTitle "EXT 2024"]
[Source "ChessBase"]
[SourceDate "2023.10.10"]
[SourceVersion "1"]
[SourceVersionDate "2023.10.10"]
[SourceQuality "1"]

1. e4 e5 2. Nf3 Nc6 3. Bc4 Bc5 4. c3 Nf6 5. d3 0-0 6. 0-0 d5 7. exd5 Nxd5 8. Nbd2 Bg4 9. h3 Bh5 10. Ne4 Be7 11. Ng3 Bg6 12. Re1 Nb6 13. Bb5 f6 14. d4 exd4 15. Bxc6 bxc6 16. Nxd4 Qd7 17. Bf4 Bd6 18. Qf3 Nd5 19. Bxd6 cxd6 20. Ngf5 Rae8 21. Rad1 Nc7 22. Nh4 d5 23. Nxg6 hxg6 24. b4 Re5 25. Re3 Rxe3 26. Qxe3 Re8 27. Qg3 g5 28. h4 gxh4 29. Qxh4 Ne6 30. Qg4 c5 31. Nf5 Rd8 32. bxc5 Ng5 33. Rxd5 Qe8 34. Rxd8 Qxd8 35. f4 Ne6 36. Qe2 Nxf4 37. Qc4+ Qd5 38. Ne7+ 1-0

[Event "Braila GP RO Stage 5"]
[Site "Braila"]
[Date "2022.11.05"]
[Round "1"]
[White "Craciun, Sasha Matei"]
[Black "Mastrovasilis, Dimitrios"]
[Result "0-1"]
[WhiteElo "2001"]
[BlackElo "2603"]
[PlyCount "116"]
[EventDate "2022.11.05"]
[EventType "swiss (rapid)"]
[EventRounds "10"]
[EventCountry "ROU"]
[SourceTitle "EXT 2024"]
[Source "ChessBase"]
[SourceDate "2023.10.10"]
[SourceVersion "1"]
[SourceVersionDate "2023.10.10"]
[SourceQuality "1"]

1. e4 c5 2. Nf3 e6 3. g3 Nc6 4. Bg2 Nf6 5. Nc3 d6 6. d4 cxd4 7. Nxd4 Bd7 8. 0-0 Be7 9. Ndb5 Qb8 10. Bf4 Ne5 11. Bg5 0-0 12. Bxf6 Bxf6 13. Qxd6 a6 14. Qxb8 Raxb8 15. Nd6 Be7 16. Rfd1 Bc6 17. f4 Ng4 18. Rd3 Bxd6 19. Rxd6 Ne3 20. Re1 Nc4 21. Rd4 b5 22. b3 Na3 23. Re2 Rfd8 24. Rxd8+ Rxd8 25. e5 Bxg2 26. Kxg2 Rc8 27. Ne4 Nxc2 28. Rd2 Ne3+ 29. Kf2 Nd5 30. f5 h6 31. fxe6 fxe6 32. Nd6 Rc3 33. Nb7 Kf7 34. Re2 Ke7 35. Nd6 h5 36. Ne4 Rc1 37. Kg2 b4 38. Nd6 Rc3 39. Rf2 g5 40. Rf7+ Kd8 41. Nb7+ Kc8 42. Nd6+ Kb8 43. Rf8+ Kc7 44. Rc8+ Kd7 45. Rg8 g4 46. Rg7+ Kc6 47. Rg6 Rc2+ 48. Kg1 Ne3 49. Rxe6 Kd5 50. Re8 Rg2+ 51. Kh1 Rf2 52. h4 gxh3 53. Nc4 Ng4 54. Rd8+ Ke6 55. Rd6+ Ke7 56. Rd1 Rh2+ 57. Kg1 Rg2+ 58. Kf1 Rxa2 0-1

[Event "Braila GP RO Stage 5"]
[Site "Braila"]
[Date "2022.11.05"]
[Round "4"]
[White "Craciun, Sasha Matei"]
[Black "Sliwicka, Alicja"]
[Result "1/2-1/2"]
[WhiteElo "2001"]
[BlackElo "2250"]
[PlyCount "106"]
[EventDate "2022.11.05"]
[EventType "swiss (rapid)"]
[EventRounds "10"]
[EventCountry "ROU"]
[SourceTitle "EXT 2024"]
[Source "ChessBase"]
[SourceDate "2023.10.10"]
[SourceVersion "1"]
[SourceVersionDate "2023.10.10"]
[SourceQuality "1"]

1. e4 c5 2. Nf3 d6 3. d4 cxd4 4. Nxd4 Nf6 5. Nc3 Bd7 6. Bg5 e6 7. Qd2 a6 8. 0-0-0 h6 9. Be3 Ng4 10. f4 Nxe3 11. Qxe3 Nc6 12. Kb1 Qc7 13. Nxc6 bxc6 14. f5 Be7 15. g4 a5 16. h4 Rb8 17. Ka1 Bf6 18. Bg2 Be5 19. Qd3 Qb6 20. Rb1 Qc5 21. Ne2 a4 22. c3 Qa5 23. Rbc1 c5 24. Ng1 Bb5 25. Qc2 Bc4 26. a3 Qb6 27. Rb1 Bf6 28. Nf3 Be7 29. g5 h5 30. Bh3 Rf8 31. Nd2 Bb3 32. Nxb3 axb3 33. Qd2 e5 34. c4 f6 35. g6 Qc6 36. Qd3 Kd7 37. Rhd1 Rb4 38. Rbc1 Ra8 39. Kb1 Raa4 40. Bf1 Qa8 41. Rc3 Ra7 42. Qd5 Qxd5 43. Rxd5 Rb8 44. Be2 Bd8 45. Rdd3 Rab7 46. Bd1 Ba5 47. Rxb3 Rxb3 48. Rxb3 Rxb3 49. Bxb3 Be1 50. Bd1 Bxh4 51. Bxh5 Be1 52. Kc2 Kc7 53. Bd1 Kb6 1/2-1/2

[Event "Wch U14"]
[Site "Mamaia"]
[Date "2022.09.16"]
[Round "11"]
[White "Craciun, Sasha Matei"]
[Black "Bazakutsa, Svyatoslav"]
[Result "1/2-1/2"]
[WhiteElo "2002"]
[BlackElo "2182"]
[PlyCount "83"]
[EventDate "2022.09.06"]
[EventType "swiss"]
[EventRounds "11"]
[EventCountry "ROU"]
[SourceTitle "CBM 210 Extra"]
[Source "ChessBase"]
[SourceDate "2022.11.30"]
[SourceVersion "1"]
[SourceVersionDate "2022.11.30"]
[SourceQuality "1"]

1. e4 c5 2. Nf3 Nc6 3. d4 cxd4 4. Nxd4 Nf6 5. Nc3 e5 6. Ndb5 d6 7. Bg5 a6 8. Na3 b5 9. Nd5 Be7 10. Bxf6 Bxf6 11. c3 Ne7 12. Nxf6+ gxf6 13. Qd2 Bb7 14. Bd3 d5 15. f3 dxe4 16. Bxe4 Qxd2+ 17. Kxd2 0-0-0+ 18. Ke2 f5 19. Bxb7+ Kxb7 20. Nc2 f4 21. Rad1 Nd5 22. Kf2 f6 23. Rhe1 Rhg8 24. Re2 Rg7 25. Red2 Rdg8 26. Kf1 Nb6 27. Re2 f5 28. b3 Rg6 29. Rdd2 Re8 30. Nb4 e4 31. Nd5 Nxd5 32. Rxd5 Reg8 33. Red2 exf3 34. gxf3 Rg1+ 35. Ke2 Re8+ 36. Kf2 Rh1 37. Rd7+ Kc8 38. Rxh7 Ree1 39. Rh8+ Kc7 40. Rh7+ Kc8 41. Rh8+ Kc7 42. Rh7+ 1/2-1/2

[Event "Wch U14"]
[Site "Mamaia"]
[Date "2022.09.13"]
[Round "8"]
[White "Deuer, Marius"]
[Black "Craciun, Sasha Matei"]
[Result "1-0"]
[WhiteElo "2344"]
[BlackElo "2002"]
[PlyCount "113"]
[EventDate "2022.09.06"]
[EventType "swiss"]
[EventRounds "11"]
[EventCountry "ROU"]
[SourceTitle "CBM 210 Extra"]
[Source "ChessBase"]
[SourceDate "2022.11.30"]
[SourceVersion "1"]
[SourceVersionDate "2022.11.30"]
[SourceQuality "1"]

1. d4 d5 2. c4 e6 3. Nc3 Be7 4. Qc2 Nf6 5. cxd5 Nxd5 6. Nf3 0-0 7. e3 b6 8. a3 Nxc3 9. bxc3 Bb7 10. Bd3 h6 11. Qe2 c5 12. 0-0 Nd7 13. e4 Re8 14. Bd2 Qc7 15. a4 a5 16. Rab1 Bc6 17. Bb5 Nf6 18. Rfe1 Bxb5 19. Qxb5 Rec8 20. Ne5 Bd6 21. f4 Rab8 22. Nd3 Nd7 23. e5 Bf8 24. f5 Qc6 25. Qxc6 Rxc6 26. d5 exd5 27. e6 fxe6 28. fxe6 Nf6 29. e7 Ne4 30. exf8Q+ Rxf8 31. Rb2 Rcf6 32. Rc2 Rf5 33. Be3 Re8 34. Bc1 Kf7 35. c4 Nd6 36. Rxe8 Kxe8 37. Re2+ Kd8 38. cxd5 Rxd5 39. Nb2 Kd7 40. Bf4 Nf5 41. Re5 Rxe5 42. Bxe5 g6 43. Nc4 Kc6 44. Bf6 Nd6 45. Nxd6 Kxd6 46. Bd8 Kc6 47. Kf2 b5 48. Bxa5 bxa4 49. Ke3 Kb5 50. Bc3 Kc4 51. Bg7 Kb3 52. Kd2 h5 53. h4 a3 54. Bc3 Ka2 55. Kc2 c4 56. Bf6 g5 57. hxg5 1-0

[Event "Wch U14"]
[Site "Mamaia"]
[Date "2022.09.10"]
[Round "5"]
[White "Craciun, Sasha Matei"]
[Black "De Winter, Arthur"]
[Result "0-1"]
[WhiteElo "2002"]
[BlackElo "2418"]
[PlyCount "50"]
[EventDate "2022.09.06"]
[EventType "swiss"]
[EventRounds "11"]
[EventCountry "ROU"]
[SourceTitle "CBM 210 Extra"]
[Source "ChessBase"]
[SourceDate "2022.11.30"]
[SourceVersion "1"]
[SourceVersionDate "2022.11.30"]
[SourceQuality "1"]

1. e4 c5 2. Nf3 Nc6 3. d4 cxd4 4. Nxd4 e5 5. Nb5 d6 6. N1c3 a6 7. Na3 Be6 8. Nc4 Rb8 9. Be2 Nf6 10. Bg5 Nd4 11. 0-0 Be7 12. Bxf6 Bxf6 13. Ne3 0-0 14. Ncd5 Bg5 15. c3 Nc6 16. Qd3 Kh8 17. Rfd1 g6 18. a3 f5 19. Nb4 fxe4 20. Qxd6 Qf6 21. Rf1 Rbd8 22. Qc5 Rd2 23. Rae1 Ne7 24. Bg4 Rxf2 25. Nbd5 Bxd5 0-1

[Event "Bucharest Super Rapid op"]
[Site "Bucharest"]
[Date "2022.04.30"]
[Round "2"]
[White "Georgescu, Tiberiu Marian"]
[Black "Craciun, Sasha Matei"]
[Result "0-1"]
[WhiteElo "2477"]
[BlackElo "1945"]
[PlyCount "112"]
[EventDate "2022.04.30"]
[EventType "swiss (rapid)"]
[EventRounds "10"]
[EventCountry "ROU"]
[SourceTitle "CBM 208 Extra"]
[Source "ChessBase"]
[SourceDate "2022.07.31"]
[SourceVersion "1"]
[SourceVersionDate "2022.07.31"]
[SourceQuality "1"]

1. Nf3 d5 2. g3 Nf6 3. Bg2 e6 4. 0-0 Be7 5. c4 0-0 6. b3 Nbd7 7. Bb2 c6 8. Nc3 Bd6 9. d4 Re8 10. Qc2 Qe7 11. e4 Nxe4 12. Nxe4 dxe4 13. Qxe4 c5 14. Rad1 Nf6 15. Qh4 h6 16. dxc5 Bxc5 17. Ne5 Rb8 18. Rd2 Qc7 19. Rfd1 Be7 20. Qf4 Bb4 21. Rd3 Bf8 22. h4 a6 23. Qf3 b5 24. Qc6 Qa5 25. cxb5 Bb7 26. Qc3 Qxc3 27. Bxc3 Bxg2 28. Kxg2 axb5 29. Nc6 Ra8 30. Bxf6 gxf6 31. R1d2 Rec8 32. Nd4 b4 33. Nb5 Ra5 34. Nd6 Rca8 35. Nc4 Rxa2 36. Rxa2 Rxa2 37. Rd8 Kg7 38. g4 Bc5 39. Rc8 Bxf2 40. Kh3 Bd4 41. Kg3 Ra1 42. Kf3 Rb1 43. Nd6 Rxb3+ 44. Ke4 Be5 45. Ne8+ Kh7 46. g5 hxg5 47. hxg5 Kg6 48. gxf6 Bxf6 49. Nd6 Bg7 50. Kf4 Rc3 51. Rb8 b3 52. Ne4 Rh3 53. Nf2 Rc3 54. Ne4 Rd3 55. Nc5 Rd5 56. Nxb3 Be5+ 0-1

[Event "ROM-ch U14"]
[Site "Eforie Nord"]
[Date "2022.04.17"]
[Round "8"]
[White "Magold, Filip"]
[Black "Craciun, Sasha Matei"]
[Result "1-0"]
[WhiteElo "2203"]
[BlackElo "1945"]
[PlyCount "81"]
[EventDate "2022.04.11"]
[EventType "swiss"]
[EventRounds "9"]
[EventCountry "ROU"]
[SourceTitle "EXT 2023"]
[Source "ChessBase"]
[SourceDate "2022.10.05"]
[SourceVersion "1"]
[SourceVersionDate "2022.10.05"]
[SourceQuality "1"]

1. c4 e6 2. Nf3 Nf6 3. e3 d5 4. b3 Bd6 5. Bb2 0-0 6. Nc3 c6 7. d4 Nbd7 8. Bd3 b6 9. 0-0 Bb7 10. e4 dxe4 11. Nxe4 Nxe4 12. Bxe4 f5 13. Bc2 Qc7 14. Re1 Rae8 15. h3 Nf6 16. Ng5 Bc8 17. Qd3 e5 18. c5 Be7 19. Rxe5 Nd5 20. Rae1 Rd8 21. cxb6 axb6 22. Ne6 Bxe6 23. Rxe6 Bb4 24. R1e5 Nf4 25. Qc4 Nxe6 26. Rxe6 Qf7 27. Bd3 Kh8 28. Qxc6 Rc8 29. Qxb6 Ba5 30. Qa6 Ra8 31. Qc6 Rfc8 32. Qd5 Bc7 33. a4 Rab8 34. Bc4 Rd8 35. Qf3 f4 36. d5 Qf5 37. Bxg7+ Kxg7 38. Re7+ Kh8 39. Qc3+ Be5 40. Rxe5 Qf6 41. Re8+ 1-0

[Event "ROM-ch blitz"]
[Site "Bucharest"]
[Date "2022.03.13"]
[Round "7"]
[White "Jianu, Vlad Cristian"]
[Black "Craciun, Sasha Matei"]
[Result "1-0"]
[WhiteElo "2506"]
[BlackElo "1967"]
[PlyCount "90"]
[EventDate "2022.03.13"]
[EventType "swiss (blitz)"]
[EventRounds "9"]
[EventCountry "ROU"]
[SourceTitle "EXT 2023"]
[Source "ChessBase"]
[SourceDate "2022.10.05"]
[SourceVersion "1"]
[SourceVersionDate "2022.10.05"]
[SourceQuality "1"]

1. d4 d5 2. Nf3 Nf6 3. g3 e6 4. Bg2 Bd6 5. 0-0 0-0 6. c4 c6 7. Nbd2 Nbd7 8. Qc2 Re8 9. e4 dxe4 10. Nxe4 Nxe4 11. Qxe4 e5 12. Bg5 f6 13. Bd2 exd4 14. Qxd4 Ne5 15. Bc3 Qc7 16. Rfe1 Nxf3+ 17. Bxf3 Bf5 18. Bh5 Red8 19. c5 Bf8 20. Qc4+ Kh8 21. Rad1 Bg6 22. Bxg6 hxg6 23. b4 Kh7 24. Qh4+ Kg8 25. Qc4+ Kh7 26. Kg2 Rxd1 27. Rxd1 Rd8 28. Qh4+ Kg8 29. Qc4+ Kh7 30. Rxd8 Qxd8 31. Qf7 Qe7 32. Qc4 a6 33. h4 Qd7 34. Qe4 Qd5 35. Qxd5 cxd5 36. Kf3 f5 37. Ke3 Be7 38. Be5 g5 39. hxg5 Bxg5+ 40. Kd4 Bd2 41. a3 Kg6 42. Kxd5 Kf7 43. Kd6 a5 44. b5 Be1 45. Bd4 g5 1-0

[Event "ROM-ch Rapid"]
[Site "Bucharest"]
[Date "2022.03.12"]
[Round "4"]
[White "Costachi, Mihnea"]
[Black "Craciun, Sasha Matei"]
[Result "1-0"]
[WhiteElo "2463"]
[BlackElo "1871"]
[PlyCount "119"]
[EventDate "2022.03.11"]
[EventType "swiss (rapid)"]
[EventRounds "9"]
[EventCountry "ROU"]
[SourceTitle "CBM 207 Extra"]
[Source "ChessBase"]
[SourceDate "2022.05.31"]
[SourceVersion "1"]
[SourceVersionDate "2022.05.31"]
[SourceQuality "1"]

1. d4 d5 2. c4 e6 3. Nc3 Nf6 4. cxd5 exd5 5. Bg5 c6 6. Qc2 Bd6 7. e3 0-0 8. Bd3 h6 9. Bh4 Nbd7 10. Nf3 Re8 11. 0-0 Nf8 12. Rab1 a5 13. Rfe1 Bg4 14. Nd2 Bh5 15. Bg3 Bxg3 16. hxg3 Bg6 17. a3 Qd6 18. Na4 Bxd3 19. Qxd3 N8d7 20. Rec1 Rec8 21. Qf5 g6 22. Qf4 Qxf4 23. gxf4 b5 24. Nc5 a4 25. Nxd7 Nxd7 26. e4 Nb6 27. Rc5 Rab8 28. exd5 Nxd5 29. g3 b4 30. Rbc1 bxa3 31. bxa3 Rb2 32. Nc4 Ra2 33. Ne5 Re8 34. Rxc6 Rxa3 35. Ra6 Re7 36. Rc5 Nb4 37. Ra8+ Kg7 38. Kg2 Ra2 39. Rcc8 h5 40. g4 hxg4 41. Nxg4 f6 42. Rg8+ Kf7 43. Rgf8+ Ke6 44. Rxf6+ Kd5 45. Ne5 Rg7 46. Rb8 Nc2 47. Rd8+ Ke4 48. f3+ Ke3 49. Kg3 Ne1 50. Ng4+ Kd2 51. Re6 Ra3 52. Ne5 Rc3 53. Ra8 a3 54. d5 Kc1 55. d6 Rc2 56. f5 g5 57. Rh6 a2 58. d7 Rxd7 59. Nxd7 Kb1 60. Rb6+ 1-0